Audítorstvo III praktikum

Gespeichert in:
Bibliographische Detailangaben
1. Verfasser: Maděra, František
Weitere Verfasser: Užík, Ján, 1969-, Mázik, Ján
Format: Buch
Sprache:Slowakisch
Veröffentlicht: Bratislava Wolters Kluwer 2015
Ausgabe:1. vyd.
Schriftenreihe:Ekonómia
Schlagworte:
Tags: Tag hinzufügen
Keine Tags, Fügen Sie das erste Tag hinzu!

MARC

LEADER 00000nam a2200000 4500
001 0200145
005 20240502073403.7
020 |a 978-80-8168-171-4 
041 0 |a slo 
044 |a SK 
245 1 0 |a Audítorstvo III  |b praktikum  |c František Maděra ; recenzovali: Ján Užík, Ján Mázik 
250 |a 1. vyd. 
264 1 |a Bratislava  |b Wolters Kluwer  |c 2015 
300 |a 104 s. [7,9 AH] 
490 1 |a Ekonómia 
830 0 |a Ekonómia 
610 2 0 |a audítorstvo 
610 2 0 |a audit 
610 2 0 |a výkazy finančné 
610 2 0 |a štandardy audítorské medzinárodné 
100 1 |a Maděra, František 
700 1 |a Užík, Ján, 1969- 
700 1 |a Mázik, Ján